| 000 | 00391nam a2200145Ia 4500 | ||
|---|---|---|---|
| 008 | 231129s2013||||xx |||||||||||||| ||spa|| | ||
| 020 | _a978-84-9777-461-1 | ||
| 040 | _bspa | ||
| 082 | _a158 H296c | ||
| 100 | _aHarrold Fiona | ||
| 245 | 0 | _aCoaching en 10 minutos | |
| 260 | _c2013 | ||
| 264 | _aBarcelona EspaƱa : Ediciones Obelisco | ||
| 942 |
_2ddc _cBKS |
||
| 999 |
_c7096 _d7096 |
||